ბათუმის შოთა რუსთაველის სახელმწიფო უნივერსიტეტის ბიბლიოთეკა

ქიმია და მინერალოგია (ბიბ.ჩანაწერი № 44580)

000 -LEADER
fixed length control field 00703nam a2200217Ia 4500
001 - CONTROL NUMBER
control field 11383
003 - CONTROL NUMBER IDENTIFIER
control field GE_BSU
008 - FIXED-LENGTH DATA ELEMENTS--GENERAL INFORMATION
fixed length control field 181216s||||||||xx |||||||||||||| ||und||
040 ## - CATALOGING SOURCE
Transcribing agency GE_BSU
080 ## - UNIVERSAL DECIMAL CLASSIFICATION NUMBER
Universal Decimal Classification number 54(075.8)
100 ## - MAIN ENTRY--PERSONAL NAME
Personal name კოსტავა, ი.ი. ცაგარეიშვილი შ.მ.
245 ## - TITLE STATEMENT
Title ქიმია და მინერალოგია
245 ## - TITLE STATEMENT
Statement of responsibility, etc. რედ: ნ. ჯაფარიძე, ი. ყიფშიძე
260 ## - PUBLICATION, DISTRIBUTION, ETC.
Place of publication, distribution, etc. თბილისი.
260 ## - PUBLICATION, DISTRIBUTION, ETC.
Name of publisher, distributor, etc. სახელგამი.
260 ## - PUBLICATION, DISTRIBUTION, ETC.
Date of publication, distribution, etc. 1950
300 ## - PHYSICAL DESCRIPTION
Extent 314გვ.23სმ.
300 ## - PHYSICAL DESCRIPTION
Accompanying material ილ.
653 ## - INDEX TERM--UNCONTROLLED
Uncontrolled term ქიმია და მინერალოგია
942 ## - ADDED ENTRY ELEMENTS (KOHA)
Koha item type წიგნი
ეგზემპლარები
Withdrawn status Lost status Damaged status Not for loan Date acquired Barcode Date last seen Price effective from Koha item type
        2018-12-17 19636 2018-12-17 2018-12-17 წიგნი
        2018-12-17 19637 2018-12-17 2018-12-17 წიგნი